Memorias del Congreso Internacional de Federaciones Locales de la C.N.T. de España en el Exilio (Record no. 17171)
[ view plain ]
| 000 -LEADER | |
|---|---|
| campo de control de longitud fija | 00775nam a2200217 i 4500 |
| 001 - NÚMERO DE CONTROL | |
| campo de control | 17171 |
| 003 - IDENTIFICADOR DE NÚMERO DE CONTROL | |
| campo de control | ES-MaACL |
| 005 - FECHA Y HORA DE LA ÚLTIMA TRANSACCIÓN | |
| campo de control | 20251114122022.0 |
| 007 - CAMPO FIJO DE DESCRIPCIÓN FÍSICA--INFORMACIÓN GENERAL | |
| campo de control de longitud fija | t| |
| 008 - DATOS DE LONGITUD FIJA--INFORMACIÓN GENERAL | |
| campo de control de longitud fija | 010111s1960 fr ||||1| spa d |
| 080 ## - NÚMERO DE LA CLASIFICACIÓN DECIMAL UNIVERSAL | |
| Número de la Clasificación Decimal Universal | 331.105.44(460)(063) |
| 110 2# - ENTRADA PRINCIPAL--NOMBRE DE ENTIDAD CORPORATIVA | |
| Nombre de entidad corporativa o nombre de jurisdicción como elemento de entrada | Confederación Nacional del Trabajo (España). |
| Unidad subordinada | Congreso ( |
| Fecha del congreso o de la firma del tratado | 1960. |
| Sede del congreso/Lugar de la reunión | Limoges) |
| 9 (RLIN) | 3169 |
| 245 10 - MENCIÓN DEL TÍTULO | |
| Título | Memorias del Congreso Internacional de Federaciones Locales de la C.N.T. de España en el Exilio |
| Resto del título | : Limoges, agosto 1960. |
| 260 ## - PUBLICACIÓN, DISTRIBUCIÓN, ETC. | |
| Lugar de publicación, distribución, etc. | Limoges : |
| Nombre del editor, distribuidor, etc. | C.N.T., |
| Fecha de publicación, distribución, etc. | 1960. |
| 300 ## - DESCRIPCIÓN FÍSICA | |
| Extensión | 154 p. ; |
| Dimensiones | 21 cm. |
| 610 27 - PUNTO DE ACCESO ADICIONAL DE MATERIA--NOMBRE DE ENTIDAD CORPORATIVA | |
| Nombre de entidad corporativa o nombre de jurisdicción como elemento de entrada | Confederación Nacional del Trabajo (España)- |
| Subdivisión de forma | Congresos y asambleas. |
| 9 (RLIN) | 3167 |
| 650 #4 - PUNTO DE ACCESO ADICIONAL DE MATERIA--TÉRMINO DE MATERIA | |
| 9 (RLIN) | 9778 |
| Término de materia o nombre geográfico como elemento de entrada | Anarcosindicalismo |
| 852 ## - LOCALIZACIÓN | |
| Ubicación | ES-MaACL |
| Número de control de estantería | 2161-F-9 |
| Sublocalización o colección | R.126929 |
| 942 ## - ELEMENTOS DE ENTRADA SECUNDARIOS (KOHA) | |
| Fuente del sistema de clasificación o colocación | Clasificación decimal universal |
| Estatus retirado | Estado de pérdida | Estado de daño | No para préstamo | Colección | Biblioteca de origen | Biblioteca actual | Ubicación en estantería | Fecha de adquisición | Fuente de adquisición | Total de préstamos | Signatura topográfica completa | Código de barras | Visto por última vez | Precio de reemplazo | Tipo de ítem Koha |
|---|---|---|---|---|---|---|---|---|---|---|---|---|---|---|---|
| Colección de folletos | Biblioteca del Ateneo de Madrid | Biblioteca del Ateneo de Madrid | Depósito folletos | 17/01/2008 | 2161-F-9 | 1017517 | 23/02/2023 | 23/02/2023 | Folleto |
